| 000 | 00961nam a2200289 i 4500 | ||
|---|---|---|---|
| 001 | bg | ||
| 100 | 1 | _aŚwiercz, Ewa. | |
| 245 | 1 | 0 |
_aZastosowanie algorytmów czas-częstotliwość w rozpoznawaniu sygnałów radiolokacyjnych / _cEwa Świercz. |
| 260 |
_aBiałystok : _bWydawnictwo Politechniki Białostockiej, _c2007. |
||
| 300 |
_a271 s. : _bil. ; _c23 cm. |
||
| 490 | 1 |
_aRozprawy Naukowe / Politechnika Białostocka, _x0867-096X ; _vnr 146 |
|
| 504 | _aBibliogr. s. 255-269. | ||
| 546 | _aStreszcz. ang. | ||
| 650 | 9 |
_aAlgorytmy _xstosowanie |
|
| 650 | 9 | _aFiltracja cyfrowa | |
| 650 | 9 | _aPrzekształcenie Fouriera | |
| 650 | 9 | _aRadiolokacja | |
| 650 | 9 | _aRozpoznawanie obrazów | |
| 830 | 0 |
_aRozprawy Naukowe - Politechnika Białostocka _vnr 146 |
|
| 015 | _aPB 4640/2008 | ||
| 040 | _cBPK | ||
| 041 | 0 |
_apol _beng |
|
| 044 | _aPOL | ||
| 080 | _a621.396.96:510.5:517.98:004.93'1 | ||
| 942 | _cKS | ||
| 008 | 071205s2007 pl a |000 0 pol | ||
| 999 |
_c55363 _d55363 |
||